Entry Nombre personal
001 - NÚMERO DE CONTROL
- campo de control: 90680
003 - IDENTIFICADOR DE NÚMERO DE CONTROL
- campo de control: SpMaBN
005 - FECHA Y HORA DE LA ÚLTIMA TRANSACCIÓN
- campo de control: 20240509185405.0
008 - ELEMENTOS DE DATO DE LONGITUD-FIJA
- campo de control de longitud fija: 960722nn ainnnaabn n aaa
010 ## - NÚMERO DE CONTROL DE LA BIBLIOTECA DEL CONGRESO
- Número de control de LC: XX1395260
016 ## - NÚMERO DE CONTROL DE UNA AGENCIA BIBLIOGRÁFICA NACIONAL
- Número de control del registro: BNE19998815406
024 8# - IDENTIFICADOR DE OTROS ESTÁNDARES
- Número estándar o código: http://pares.mcu.es:80/ParesBusquedas20/catalogo/autoridad/683 35
024 7# - IDENTIFICADOR DE OTROS ESTÁNDARES
- Número estándar o código: http://viaf.org/viaf/89731583/
- Fuente: viaf
024 7# - IDENTIFICADOR DE OTROS ESTÁNDARES
- Número estándar o código: http://www.wikidata.org/entity/Q60656408
- Fuente: wikidata
040 ## - FUENTE DE CATALOGACIÓN
- Centro catalogador/agencia de origen: SpMaBN
- Lengua de catalogación: spa
- Centro/agencia transcriptor: SpMaBN
- Normas de descripción: rdc
- Convención/Normas de encabezamiento de materia/tesauro: embne
046 ## - FECHAS CON CODIFICACIÓN ESPECIAL
- Fecha de nacimiento: 1877
- Fecha de la muerte: 1934
100 1# - ENCABEZAMIENTO-NOMBRE DE PERSONA
- Nombre de persona: Pérez Bueno, Fernando,
- Fechas asociadas al nombre: 1877-1934
375 ## - GÉNERO/SEXO
- Género: Masculino
670 ## - FUENTE DE DATOS ENCONTRADOS
- Cita de la fuente: Iconografía Hispana
- Información encontrada: núm. 7150 (Perez Bueno, Fernando; abogado y catedrático, 1877)
670 ## - FUENTE DE DATOS ENCONTRADOS
- Cita de la fuente: Espasa, suplemento 1934
- Información encontrada: (Pérez Bueno, Fernando: jurisconsulto y escritor español; n. en Cáceres en 1877 y m. en Madrid en 1934)
